000 01547nam0a2200337 4500
001 RU\NLR\BIBL_A\012570625
005 20210921100034.0
010 _a978-5-6045796-0-2
_9500
021 _aRU
_bКН-П-21-019306
_9КН-П-21-1494
035 _a(NLR Aleph) 012570625
090 _a12489992
_c12489992
100 _a20210727d2021 u y0rusy50 ca
101 0 _arus
102 _aRU
105 _a z 000zy
181 0 _ai
_baxxe
182 0 _an
200 1 _aИзбранные вопросы применения симуляционных образовательных технологий
_fФГБОУ ВО "Башкирский государственный медицинский университет" Минздрава России
_gсост.: О.В. Галимов [и др.]
203 _aТекст
_bвизуальный
_cнепосредственный
210 _aУфа
_cПервая типография
_d2021
215 _a215, [1] с.
_cил.
_d21
320 _aБиблиогр.: с. 210-214
606 1 _aСимуляционное обучение
_xПрименение в хирургии
_92208807
_3RU\NLR\AUTH\6601561102
686 1 _aР45с5
702 1 _aГалимов
_bО. В.
_gОлег Владимирович
_4220
712 0 2 _4570
_aБашкирский государственный медицинский университет
_cУфа
_9377846
_3RU\NLR\AUTH\889941506
942 _cBOOK
980 _aNB